000 00364 a2200133 4500
005 20250627100123.0
020 _a0-534-04209-0
082 _aLM 512.9 WEB
100 _aWEBBER, R. P.
245 _aCollege Algebra and Trigonometry
260 _aCalifornia
_bBooks/Cole Publishing Company
_c1945
300 _axiii, 610p.: Ill.; figure.
_bIndex
_c24cm.
942 _2ddc
_cBKS
999 _c808
_d808